[Event "Dortmund-B"]
[Site "Dortmund"]
[Date "1991.??.??"]
[Round "1"]
[White "Mikhalchishin, Adrian"]
[Black "Renet, Olivier"]
[Result "1/2-1/2"]
[WhiteElo "2530"]
[BlackElo "2470"]

1.d4 Nf6 2.c4 e6 3.Nf3 d5 4.Nc3 Be7 5.Bf4 O-O 6.e3 c5 7.dxc5 Bxc5 8.a3 Nc6
9.b4 Be7 10.Qc2 dxc4 11.Bxc4 Bd7 12.O-O Rc8 13.Qe2 Nh5 14.Be5 Nxe5 15.Nxe5 Bf6
16.Nxd7 Qxd7 17.Rac1 g6 18.Rfd1 Qe7 19.Ne4 Be5 20.f4 Bg7 21.Nc5 Rfd8 22.Rxd8+ Rxd8
23.Rd1 b6  1/2-1/2

[Event "BCF-ch"]
[Site "Eastbourne"]
[Date "1991.??.??"]
[Round "10"]
[White "Parker, Jonathan"]
[Black "McLaren, Leonard"]
[Result "1-0"]
[WhiteElo "2310"]
[BlackElo "2250"]

1.d4 Nf6 2.c4 e6 3.Nf3 d5 4.Nc3 Be7 5.Bf4 O-O 6.e3 c5 7.dxc5 Bxc5 8.Be2 Nc6
9.O-O a6 10.Rc1 dxc4 11.Bxc4 Qe7 12.Bg5 h6 13.Bh4 Rd8 14.Qe2 Qf8 15.Bxf6 gxf6
16.Ne4 Be7 17.Ng3 Bd7 18.Bd3 Nb4 19.Bc4 Kh8 20.a3 Nc6 21.Bd3 Qg7 22.Rcd1 Rac8
23.Bb1 f5 24.b4 Be8 25.h3 Rxd1 26.Rxd1 Qc3 27.e4 f4 28.Nh5 e5 29.Nh4 Nd4
30.Qg4 Bg5 31.Ba2 Rd8 32.Rf1 Qxa3 33.Bd5 Qxb4 34.Nf5 Nxf5 35.Qxf5 Qe7 36.Rb1 b5
37.Ra1 f6 38.g4 Rd6 39.Qc8 Qd7 40.Qa8 Qd8 41.Rxa6 Bxh5 42.Rxd6 Qxa8 43.Bxa8 Bg6
44.Rb6 h5 45.Rxb5 hxg4 46.hxg4 Kh7 47.Bd5 Bh4 48.Kg2 Be8 49.Rb7+ Kh6 50.Rb8 Ba4
51.Rh8+ Kg5 52.Be6 Bd1 53.Rh5+  1-0

[Event "Espoo op"]
[Site "Espoo"]
[Date "1991.??.??"]
[Round "7"]
[White "Manninen, Marko"]
[Black "Przewoznik, Jan"]
[Result "0-1"]
[WhiteElo "2310"]
[BlackElo "2395"]

1.d4 Nf6 2.c4 e6 3.Nc3 d5 4.Nf3 Be7 5.Bf4 O-O 6.e3 Ne4 7.Qc2 Nxc3 8.Qxc3 Nc6
9.a3 a5 10.cxd5 exd5 11.Bb5 Bd7 12.Qb3 a4 13.Qxd5 Ra5 14.Qc4 Rxb5 15.Qxb5 Nxd4
16.Qd3 Nxf3+ 17.gxf3 Bc6 18.Qe2 Bf6 19.e4 Qd7 20.Rd1 Qh3 21.Rg1 Qh5 22.Rd2 Bb5
23.Qe3 c6 24.e5 Be7 25.Qe4 Re8 26.Kd1 h6 27.Kc1 Bc5 28.e6 Bf8 29.Be5 Rxe6
30.f4 f6 31.Rg6 f5 32.Rg5 Qxg5  0-1

[Event "FIN-chT"]
[Site "FIN"]
[Date "1991.??.??"]
[Round "?"]
[White "Manninen, Marko"]
[Black "Hakulinen, Esko Matti"]
[Result "1/2-1/2"]
[WhiteElo "2310"]
[BlackElo "2310"]

1.d4 d5 2.c4 e6 3.Nc3 Be7 4.Nf3 Nf6 5.Bf4 O-O 6.e3 c5 7.dxc5 Bxc5 8.Qc2 Nc6
9.a3 Qa5 10.O-O-O Be7 11.Nd2 Qb6 12.Nb3 Na5 13.Nxa5 Qxa5 14.g4 dxc4 15.Bxc4 a6
16.Bd3 g6 17.h4 Rd8 18.h5 g5 19.Bg3 Bd7 20.Kb1 Rac8 21.Qd2 Bc6 22.e4 Nd7
23.Nd5 Qxd2 24.Nxe7+ Kf8 25.Rxd2 Kxe7 26.Bc2 Nc5 27.Rxd8 Rxd8 28.f3 h6 29.Bc7 Rd2
30.Ba5 Re2 31.Bb4 b6 32.Re1 Rf2 33.Re3 a5 34.Be1 Rf1 35.b3 Bb5 36.Kb2 a4
37.Bb4 axb3 38.Bxb3 Rf2+ 39.Kc3 Be2 40.Kd2 Bc4+ 41.Kc3 Bxb3 42.Bxc5+ bxc5
43.Kxb3 Kd6 44.Kc4 Kc6 45.Rb3 Rf1 46.Rd3  1/2-1/2

[Event "FRA-ch"]
[Site "FRA"]
[Date "1991.??.??"]
[Round "14"]
[White "Miralles, Gilles"]
[Black "Spassky, Boris V"]
[Result "1/2-1/2"]
[WhiteElo "2445"]
[BlackElo "2550"]

1.d4 d5 2.c4 e6 3.Nc3 Be7 4.Nf3 Nf6 5.Bf4 O-O 6.Qc2 Nbd7 7.e3 c5 8.dxc5 Nxc5
9.Be2 dxc4 10.Bxc4 a6 11.a4 Bd7 12.O-O Qa5 13.Rfd1 Rfd8 14.Bf1 Be8 15.Rxd8 Rxd8
16.Ne5 Qb4 17.Nc4 Nd5 18.Be5 f6 19.Bd4 Qb3 20.Qc1 Nxc3 21.bxc3 Bg6 22.Ra3 Qc2
23.Qxc2 Bxc2 24.Ra2 Bb3 25.Ra3 Bc2 26.Ra2 Bb3 27.Ra3  1/2-1/2

[Event "GER CupT"]
[Site "GER"]
[Date "1991.??.??"]
[Round "?"]
[White "Kallai, Gabor"]
[Black "Eberlein, Wolfgang"]
[Result "1-0"]
[WhiteElo "2440"]
[BlackElo "2285"]

1.d4 Nf6 2.c4 e6 3.Nf3 d5 4.Nc3 Be7 5.Bf4 O-O 6.e3 c5 7.dxc5 Nc6 8.a3 Bxc5
9.Qc2 dxc4 10.Bxc4 Bd7 11.O-O Nh5 12.Ng5 g6 13.Nge4 Nxf4 14.Nxc5 Qg5 15.Bd5 Nxg2
16.Bxg2 Qxc5 17.Rac1 Rad8 18.Ne4 Qxc2 19.Rxc2 Ne5 20.f4 Ng4 21.Re1 Ba4 22.Rc7 Rd3
23.Nc5 Rd1 24.Rxd1 Bxd1 25.Rxb7 a5 26.e4 Rc8 27.b4 axb4 28.axb4 Ne3 29.Bh3 Nc2
30.Nxe6 Be2 31.Nd4 Ba6 32.Rb6 Nxd4 33.Bxc8 Bxc8 34.Rb8  1-0

[Event "BL2-N9091"]
[Site "Germany"]
[Date "1991.??.??"]
[Round "?"]
[White "Lingnau, Carsten"]
[Black "Ahmels, Volker"]
[Result "1-0"]
[WhiteElo "2230"]
[BlackElo "2275"]

1.d4 d5 2.c4 e6 3.Nf3 Nf6 4.Nc3 Be7 5.Bf4 c6 6.e3 Nh5 7.Bg3 Nxg3 8.hxg3 Nd7
9.Qc2 h6 10.O-O-O Qa5 11.Kb1 dxc4 12.Bxc4 b5 13.Bb3 Bb7 14.Bxe6 fxe6 15.Qg6+ Kd8
16.Ne5 Nf8 17.Qxg7 Rh7 18.Qg8 b4 19.Ne4 Kc7 20.Rc1 b3 21.axb3 Qd5 22.f3 Qxb3
23.Rc3 Qb5 24.Nc5 Bxc5 25.Rxc5 Qe2 26.Rxh6 Rd7 27.Qg5 Rd5 28.Rc2 Qf1+ 29.Rc1 Qxg2
30.Qe7+ Nd7 31.Qxe6 Nxe5 32.Qxd5 Nd3 33.Rh7+ Kb8 34.Qd8+  1-0

[Event "BL2-SW9091"]
[Site "Germany"]
[Date "1991.??.??"]
[Round "?"]
[White "Bode, Ulf"]
[Black "Weiss, Roland"]
[Result "0-1"]
[WhiteElo "2250"]
[BlackElo "2240"]

1.d4 d5 2.c4 e6 3.Nc3 Nf6 4.Nf3 Be7 5.Bf4 O-O 6.e3 c6 7.Qc2 Nbd7 8.h3 Qa5
9.Nd2 Re8 10.Bd3 Bb4 11.cxd5 exd5 12.O-O Qd8 13.a3 Ba5 14.b4 Bc7 15.Bxc7 Qxc7
16.Nb3 Qd6 17.b5 c5 18.Nxc5 Nxc5 19.dxc5 Qxc5 20.Rfd1 Kh8 21.Ne2 Qe7 22.Nf4 Be6
23.Be2 Red8 24.Qb2 Rd7 25.Rac1 Bf5 26.a4 Rad8 27.Qd4 b6 28.Nh5 Nxh5 29.Bxh5 Kg8
30.Bf3 h6 31.Rc6 Be6 32.Rdc1 Qg5 33.h4 Qe7 34.g3 Bf5 35.R1c3 Be6 36.Kh2 Bf5
37.Qf4 Be6 38.Qd4 Bf5 39.Rc8 Be4 40.Bg4 Rxc8 41.Rxc8+ Rd8 42.Rxd8+ Qxd8 43.f3 Bc2
44.e4 Bb3 45.f4 Qd6 46.a5 Bc4 47.Bf3 Bxb5 48.exd5 Bd7 49.axb6 axb6 50.Be4 Kf8
51.Bc2 Qc5 52.Qd2 b5 53.d6 b4 54.Bb3 Kg8 55.Qd3 Qf2+ 56.Kh1 Qe1+ 57.Kh2 Kf8
58.Qd5 Qf2+ 59.Kh1 Qf1+ 60.Kh2 Qh3+ 61.Kg1 Qxg3+ 62.Kh1  0-1

[Event "Bundesliga 9091"]
[Site "Germany"]
[Date "1991.??.??"]
[Round "?"]
[White "Seul, Georg"]
[Black "Rabiega, Robert"]
[Result "1/2-1/2"]
[WhiteElo "2340"]
[BlackElo "2345"]

1.d4 d5 2.c4 e6 3.Nc3 Nf6 4.Nf3 Be7 5.Bf4 O-O 6.e3 c5 7.dxc5 Bxc5 8.Qc2 Nc6
9.a3 Qa5 10.Nd2 Be7 11.Bg3 Bd7 12.Be2 Qb6 13.O-O d4 14.Na4 Qd8 15.e4 Rc8
16.e5 d3 17.Bxd3 Nxe5 18.Bxe5 Bxa4 19.b3 Bc6 20.Rad1 h6 21.Ne4 Nxe4 22.Bxe4 Qa5
23.Bb2 Qc7 24.Qe2 Bxe4 25.Qxe4 Rfd8 26.g3 Bf8 27.h4 a5 28.Qf3 b6 29.Rxd8 Rxd8
30.Rd1 Rxd1+ 31.Qxd1 a4 32.bxa4 Qxc4 33.Qd7 Qc2 34.Qd4 Qb3 35.h5 f6 36.Qc3 Qxa4
37.Qd3 Qa5 38.Qe2 Kf7 39.Qc2 Bc5 40.a4 Qb4 41.Qg6+ Kf8 42.Qc2 Qg4 43.a5 Qxg3+
44.Kf1 Qh3+ 45.Kg1 Qg4+ 46.Kf1 Qxh5 47.a6 Qh1+ 48.Ke2 Qa8 49.Qc4 h5 50.Bc1 h4
51.Be3 h3 52.Bxc5+ bxc5 53.Qxe6 Qb8 54.Qxh3 Qb2+ 55.Kf1 Qa1+ 56.Kg2 Qxa6
57.Qh8+ Kf7 58.Qh5+ g6 59.Qd5+ Qe6 60.Qxc5 g5 61.Qc2 f5 62.Qd3 Kg6 63.Qd8 f4
64.Qd4 Qg4+ 65.Kh2 Qh4+ 66.Kg1 Qg4+ 67.Kh2 Qe2 68.Kg2 Qe6 69.Kh2 Kh5 70.Qh8+ Qh6
71.Qc8 g4 72.Qf5+ Kh4 73.Qe5 Qf8 74.Qe4 Qd6 75.Qh7+ Kg5 76.Qg7+ Kf5 77.Qh7+ Qg6
78.Qd7+ Ke4 79.Qb7+ Ke5 80.Qb5+ Kf6 81.Qc6+ Kg5 82.Qc5+  1/2-1/2

[Event "BL2-W9091"]
[Site "Germany"]
[Date "1991.??.??"]
[Round "?"]
[White "Hermesmann, Hans"]
[Black "Sonntag, Hans Hubert"]
[Result "1/2-1/2"]
[WhiteElo "2345"]
[BlackElo "2375"]

1.d4 d5 2.c4 e6 3.Nc3 Be7 4.Nf3 Nf6 5.Bf4 O-O 6.e3 c5 7.dxc5 Bxc5 8.Qc2 Nc6
9.a3 Qa5 10.O-O-O Be7 11.g4 dxc4 12.Bxc4 g6 13.Nd2 a6 14.Nb3 Qb6 15.h4 Na5
16.Nxa5 Qxa5 17.h5 g5 18.Bd6 Bxd6 19.Rxd6 Qc5 20.Rd4 b5 21.Bd3 Bb7 22.Rd1 Bf3
23.Be2 Bxe2 24.Nxe2 Rfc8 25.Qxc5 Rxc5+ 26.Kb1 Kg7 27.f3 Rac8 28.Rd6 R5c6
29.Nc3 h6 30.e4 Ne8 31.Rd7 R8c7 32.e5 Rxd7 33.Rxd7 Rc5 34.Rd8 Kf8 35.Ra8 Rxe5
36.Ne4 Ke7 37.Ra7+ Kf8  1/2-1/2

[Event "BL2-W9091"]
[Site "Germany"]
[Date "1991.??.??"]
[Round "?"]
[White "Libeau, Rene"]
[Black "Jackelen, Thomas"]
[Result "1/2-1/2"]
[WhiteElo "2360"]
[BlackElo "2365"]

1.c4 e6 2.Nc3 d5 3.d4 Be7 4.Nf3 Nf6 5.Bf4 O-O 6.e3 c5 7.dxc5 Bxc5 8.a3 Nc6
9.Qc2 Qa5 10.O-O-O Bd7 11.Nd2 Be7 12.g4 Rfc8 13.Be2 e5 14.g5 exf4 15.Nb3 Qd8
16.gxf6 Bxf6 17.Nxd5 Bh4 18.Nc5 f3 19.Bd3 Bh3 20.Nf4 Qe7 21.Bxh7+ Kh8 22.Nxh3 Qxc5
23.Rd5 Qxd5 24.cxd5 Ne5 25.Be4 Rxc2+ 26.Kxc2 g6 27.Ng1 Rc8+ 28.Kb1 Bxf2 29.Nxf3 Nxf3  1/2-1/2

[Event "Aandalucia-ch"]
[Site "Granada"]
[Date "1991.??.??"]
[Round "1"]
[White "Teran Alvarez, Ismael"]
[Black "Canabate, F."]
[Result "1-0"]
[WhiteElo "2245"]
[BlackElo "2115"]

1.d4 Nf6 2.Nf3 d5 3.c4 e6 4.Nc3 Be7 5.Bf4 O-O 6.e3 a6 7.Qc2 c5 8.dxc5 Bxc5
9.Rd1 Qa5 10.Nd2 Bb4 11.Bd3 Nbd7 12.O-O e5 13.Bg3 Bxc3 14.bxc3 dxc4 15.Nxc4 Qc5
16.a4 e4 17.Be2 Re8 18.Rd4 Nb6 19.Bd6 Qc6 20.Ne5 Rxe5 21.Bxe5 Be6 22.Bxf6 gxf6
23.Rfd1 f5 24.a5 Nd5 25.c4 Kg7 26.Rxd5  1-0

[Event "Groningen op"]
[Site "Groningen"]
[Date "1991.??.??"]
[Round "3"]
[White "Kveinys, Aloyzas"]
[Black "Klovans, Janis"]
[Result "1/2-1/2"]
[WhiteElo "2470"]
[BlackElo "2385"]

1.d4 d5 2.c4 e6 3.Nc3 Be7 4.Nf3 Nf6 5.Bf4 c5 6.dxc5 Bxc5 7.e3 O-O 8.Qc2 Nc6
9.a3 Qa5 10.O-O-O Be7 11.Bg5 Rd8 12.Bd3 dxc4 13.Bxc4 Bd7 14.Kb1 Rac8 15.h4 Ne5
16.Nxe5 Qxe5 17.Rd4 Bc6 18.Rhd1 Rxd4 19.exd4 Qc7 20.Bd3 h6 21.Be3 Nd5 22.Nxd5 Bxd5
23.Qxc7 Rxc7 24.g3  1/2-1/2

[Event "Hannover"]
[Site "Hannover"]
[Date "1991.??.??"]
[Round "6"]
[White "Gruenberg, Hans Ulrich"]
[Black "Boensch, Uwe"]
[Result "1/2-1/2"]
[WhiteElo "2485"]
[BlackElo "2535"]

1.d4 Nf6 2.c4 e6 3.Nf3 d5 4.Nc3 Be7 5.Bf4 O-O 6.e3 c5 7.dxc5 Bxc5 8.Qc2 Nc6
9.a3 Qa5 10.Nd2 Bb4 11.Rc1 Bxc3 12.Qxc3 Qxc3 13.Rxc3 e5 14.Bg5 d4 15.Rc1 dxe3
16.fxe3 Rd8 17.Bxf6 gxf6 18.Be2 Ne7 19.Nf3 Nf5 20.g4 Nxe3 21.Rg1 b5 22.cxb5 e4
23.Nd2 Re8 24.Nc4 Nxc4 25.Rxc4 Be6 26.Rxe4 Rac8 27.Rg3 Rc2 28.b4 Rec8 29.a4 Rb2
30.a5 Rc1+ 31.Kf2 Bc4 32.b6 axb6 33.axb6 Bxe2 34.Rxe2 Rxb4 35.Kg2 Rxb6 36.Rf2  1/2-1/2

[Event "Helsingborg-A"]
[Site "Helsingborg"]
[Date "1991.??.??"]
[Round "?"]
[White "Eriksson, Anders"]
[Black "Sanden, Stefan"]
[Result "0-1"]
[WhiteElo "2270"]
[BlackElo "2285"]

1.d4 d5 2.c4 e6 3.Nc3 Be7 4.Nf3 Nf6 5.Bf4 O-O 6.e3 c5 7.dxc5 Bxc5 8.Qc2 Nc6
9.a3 Qa5 10.O-O-O a6 11.Nd2 Be7 12.g4 e5 13.g5 exf4 14.Nb3 Qd8 15.gxf6 Bxf6
16.Nxd5 fxe3 17.Nxe3 Nd4 18.Nxd4 Bxd4 19.Nd5 Qh4 20.f4 Bf6 21.Bd3 h6 22.Kb1 Bg4
23.Be2 Bh3 24.Bf1 Be6 25.f5 Bxd5 26.Rxd5 Rfe8 27.Bg2 Rac8 28.Rd7 Rxc4 29.Qd2 Qh5
30.Bd5 Qxf5+  0-1

[Event "CUB-ch"]
[Site "Holguin"]
[Date "1991.??.??"]
[Round "8"]
[White "Arencibia, Walter"]
[Black "Leyva, Hector"]
[Result "1-0"]
[WhiteElo "2530"]
[BlackElo "2380"]

1.d4 d5 2.c4 e6 3.Nc3 Be7 4.Nf3 Nf6 5.Bf4 O-O 6.e3 c5 7.dxc5 Bxc5 8.Qc2 Nc6
9.a3 Qa5 10.O-O-O Bd7 11.Nd2 Be7 12.Kb1 Rfc8 13.Be2 a6 14.g4 e5 15.g5 Nh5
16.Bg3 d4 17.Nb3 Qd8 18.exd4 Nxd4 19.Nxd4 exd4 20.Rxd4 Bf5 21.Qxf5 Qxd4 22.Rd1 Qc5
23.Rd5 Qb6 24.Rd7 g6 25.Nd5 gxf5 26.Nxb6 Bxg5 27.Nxc8 Rxc8 28.f4 Bd8 29.Bxh5  1-0

[Event "CUB-ch"]
[Site "Holguin"]
[Date "1991.??.??"]
[Round "11"]
[White "Arencibia, Walter"]
[Black "Diaz, Joaquin C"]
[Result "1-0"]
[WhiteElo "2530"]
[BlackElo "2430"]

1.d4 d5 2.c4 e6 3.Nc3 Nf6 4.Nf3 Be7 5.Bf4 O-O 6.e3 c5 7.dxc5 Bxc5 8.cxd5 Nxd5
9.Nxd5 exd5 10.a3 Bd6 11.Bg3 Bg4 12.Bd3 h6 13.Qa4 Bxf3 14.gxf3 Nc6 15.Rg1 Qf6
16.Bxd6 Qxd6 17.Rg3 Ne5 18.Be2 Nc4 19.Rd1 Qe5 20.Rd4 Rfd8 21.Qd1 Qe7 22.Rxd5 Nxb2
23.Qd4  1-0

[Event "Jurmala"]
[Site "Jurmala"]
[Date "1991.??.??"]
[Round "?"]
[White "Aleksandrov, Aleksej"]
[Black "Landa, Konstantin"]
[Result "1-0"]
[WhiteElo "2370"]
[BlackElo "2460"]

1.d4 d5 2.c4 e6 3.Nc3 Be7 4.Nf3 Nf6 5.Bf4 O-O 6.e3 b6 7.cxd5 Nxd5 8.Nxd5 exd5
9.Be2 Bb4+ 10.Nd2 Bd6 11.Bg3 Bf5 12.Rc1 Bxg3 13.hxg3 Qd6 14.Qa4 c6 15.O-O a5
16.Qb3 Nd7 17.Bf3 Nf6 18.Qxb6 Rfb8 19.Qxc6 Qxc6 20.Rxc6 Rxb2 21.Rd1 Rab8
22.Rc5 Rxa2 23.Bxd5 Rxd2 24.Rdc1 a4 25.Bc6 Bd7 26.Bxd7 Nxd7 27.Rc7 Nf8 28.Ra7 Ra2
29.Rcc7 h5 30.Rxf7 Rb1+ 31.Kh2 g6 32.Rg7+ Kh8 33.Rgf7 Kg8 34.Rg7+ Kh8 35.Rgf7 Rb8
36.g4 hxg4 37.Kg3 Kg8 38.Rf6 Re8 39.Rfa6 Re2 40.Rxa4  1-0

[Event "Katowice op"]
[Site "Katowice"]
[Date "1991.??.??"]
[Round "8"]
[White "Solozhenkin, Evgeniy"]
[Black "Kveinys, Aloyzas"]
[Result "1-0"]
[WhiteElo "2415"]
[BlackElo "2435"]

1.d4 Nf6 2.c4 e6 3.Nf3 d5 4.Nc3 Be7 5.Bf4 dxc4 6.e4 Bb4 7.Qc2 b5 8.e5 Nd5
9.Bg5 Qd7 10.Be2 Bb7 11.O-O h6 12.Bd2 Nxc3 13.bxc3 Ba3 14.Bc1 Be7 15.a4 a6
16.Ba3 Nc6 17.Rfb1 Na5 18.Nd2 Bd5 19.Bxe7 Kxe7 20.Qb2 c5 21.dxc5 Nb3 22.Nxb3 cxb3
23.Qa3 Qc6 24.axb5 axb5 25.Qb4 Ra4 26.Bxb5  1-0

[Event "URS-ch U26"]
[Site "Kherson"]
[Date "1991.??.??"]
[Round "?"]
[White "Ibragimov, Ildar"]
[Black "Galdunts, Sergey"]
[Result "1-0"]
[WhiteElo "2455"]
[BlackElo "2470"]

1.d4 d5 2.c4 e6 3.Nc3 Be7 4.Nf3 Nf6 5.Bf4 O-O 6.e3 b6 7.Rc1 c5 8.cxd5 exd5
9.Be2 Bb7 10.Ne5 Nbd7 11.O-O Rc8 12.dxc5 bxc5 13.Qa4 Nxe5 14.Bxe5 Qb6 15.Rfd1 Rfd8
16.Bf3 d4 17.Bxb7 Qxb7 18.exd4 Qxb2 19.Qxa7 cxd4 20.Bxd4 Nd5 21.Rb1 Nxc3
22.Rxb2 Bc5 23.Qa6 Nxd1 24.Rd2  1-0

[Event "Krasnodar"]
[Site "Krasnodar"]
[Date "1991.??.??"]
[Round "?"]
[White "Yuferov, Sergey  N"]
[Black "Doroshkievich, Vladimir K"]
[Result "1/2-1/2"]
[WhiteElo "2395"]
[BlackElo "2350"]

1.d4 d5 2.c4 e6 3.Nc3 Be7 4.Nf3 Nf6 5.Bf4 O-O 6.e3 c5 7.dxc5 Bxc5 8.cxd5 Nxd5
9.Nxd5 exd5 10.a3 Nc6 11.Bd3 Be7 12.O-O Bf6 13.Qc2 h6 14.Rad1  1/2-1/2

[Event "Krasnodar"]
[Site "Krasnodar"]
[Date "1991.??.??"]
[Round "?"]
[White "Obukhov, Alexander"]
[Black "Zhukhovitsky, Samuel"]
[Result "1-0"]
[WhiteElo "2265"]
[BlackElo "2460"]

1.d4 d5 2.c4 e6 3.Nc3 Nf6 4.Nf3 Be7 5.Bf4 O-O 6.e3 b6 7.Rc1 c5 8.dxc5 bxc5
9.Be2 Bb7 10.O-O Nbd7 11.Ne5 Nxe5 12.Bxe5 dxc4 13.Bxc4 Qb6 14.Qe2 Rfd8 15.e4 a6
16.Bf4 Nd7 17.f3 Nb8 18.Be3 Nc6 19.Qf2 Nd4 20.Rfd1 Bc6 21.b3 Ra7 22.Ne2 Rad7
23.Nf4 Bb5 24.Bf1 a5 25.Bxb5 Qxb5 26.Qf1 Qb6 27.Nd3 Qb5 28.Ne5 Ne2+ 29.Kf2 Rxd1
30.Rxd1 Rxd1 31.Qxd1 Nd4 32.Qd3 Qb6 33.Qc3 f6 34.Bxd4 fxe5 35.Bxe5 g6 36.g3 c4+
37.Bd4 Bc5 38.Ke3 e5  1-0

[Event "Lenk op"]
[Site "Lenk"]
[Date "1991.??.??"]
[Round "9"]
[White "Efimov, Igor"]
[Black "Ziatdinov, Raset"]
[Result "1-0"]
[WhiteElo "2470"]
[BlackElo "2515"]

1.Nf3 d5 2.d4 Nf6 3.c4 e6 4.Nc3 Be7 5.Bf4 O-O 6.e3 c5 7.dxc5 Bxc5 8.Be2 dxc4
9.Bxc4 a6 10.O-O b5 11.Bd3 Bb7 12.Rc1 Nbd7 13.Ng5 Be7 14.Nce4 Nxe4 15.Bxe4 Bxe4
16.Nxe4 e5 17.Bg3 Ra7 18.Qd5 Qa8 19.Qxa8 Rfxa8 20.Rfd1 Kf8 21.h3 f6 22.Rc6 Rb7
23.f4 exf4 24.exf4 Nb6 25.Bf2 Rd7 26.Rxd7 Nxd7 27.Nc3 Bd8 28.g4 Ke8 29.Nd5 Nb8
30.Rd6 Nd7 31.Re6+ Kf7 32.Rc6 Nf8 33.Kg2 Ng6 34.Bc5 f5 35.Kf3 fxg4+ 36.hxg4 Nf8
37.Nc7 Bxc7 38.Rxc7+ Kg8 39.f5 Rd8 40.Ke4 Nd7 41.Bd4 Nf6+ 42.Bxf6 gxf6 43.Rc6 Rd2
44.Rxf6 a5 45.Rb6 Rxb2 46.Ke5 Rg2 47.g5 Kf7 48.Rb7+ Ke8 49.Kf6 b4 50.Rxh7 Rxa2
51.Rb7 Kd8 52.g6 Kc8 53.Rb5  1-0

[Event "Linares"]
[Site "Linares"]
[Date "1991.??.??"]
[Round "7"]
[White "Gelfand, Boris"]
[Black "Beliavsky, Alexander G"]
[Result "0-1"]
[WhiteElo "2700"]
[BlackElo "2640"]

1.Nf3 d5 2.d4 Nf6 3.c4 e6 4.Nc3 Be7 5.Bf4 O-O 6.e3 c5 7.dxc5 Bxc5 8.Qc2 Nc6
9.a3 Qa5 10.O-O-O Bd7 11.g4 Rfc8 12.Kb1 b5 13.cxb5 Ne7 14.Nd2 Qd8 15.Nb3 Ne4
16.Nxc5 Rxc5 17.Be5 Nxc3+ 18.Bxc3 Bxb5 19.Bxb5 Rxb5 20.h4 Rc8 21.h5 Qd6 22.Qa4 Qb8
23.Be5 Qb7 24.g5 Nc6 25.Rc1 d4 26.Bxd4 Rb8 27.Bc3 Rxb2+ 28.Ka1 Rb6 29.g6 Ra6
30.gxf7+ Kxf7 31.Qf4+ Kg8 32.Qd6 Nd4  0-1

[Event "POL-chT"]
[Site "Mikolajki"]
[Date "1991.??.??"]
[Round "7"]
[White "Agrest, Evgenij"]
[Black "Drzemicki, Dariusz"]
[Result "1-0"]
[WhiteElo "2475"]
[BlackElo "2315"]

1.d4 d5 2.c4 e6 3.Nf3 Nf6 4.Nc3 Be7 5.Bf4 O-O 6.e3 c5 7.dxc5 Bxc5 8.Qc2 Nc6
9.a3 Qa5 10.O-O-O Bd7 11.Nd2 Be7 12.Nb3 Qb6 13.cxd5 Nxd5 14.Bc4 Nxc3 15.Rxd7 Nd5
16.Bxd5 exd5 17.Kb1 Qb5 18.a4 Qxa4 19.Nd4 Qb4 20.Qc3 Nxd4 21.Qxb4 Bxb4 22.exd4 b6
23.Rxd5 Rfd8 24.Rxd8+ Rxd8 25.Be3 Kf8 26.Kc2 Rc8+ 27.Kd3 Ke7 28.h4 h5 29.Rh3 Ke6
30.Rg3 g6 31.Rf3 f5 32.Bg5 Kd5 33.Re3 Bd6 34.Bf6 Rc1 35.Be5 Bb4 36.Rg3 Rc6
37.Re3 b5 38.Bb8 Ra6 39.Re5+ Kc6 40.Re8 Ra2 41.Kc2 a5 42.Be5 a4 43.Kb1  1-0

[Event "FRA-ch Acc"]
[Site "Montpellier"]
[Date "1991.??.??"]
[Round "4"]
[White "Chevallier, Didier"]
[Black "Eustache, Boris"]
[Result "1/2-1/2"]
[WhiteElo "2315"]
[BlackElo "2210"]

1.d4 d5 2.c4 e6 3.Nc3 Be7 4.Nf3 Nf6 5.Bf4 O-O 6.e3 c5 7.dxc5 Bxc5 8.a3 dxc4
9.Bxc4 a6 10.Bd3 Be7 11.Qc2 Nbd7 12.Rd1 b5 13.Ne5 Re8 14.O-O Bf8 15.Rd2 g6
16.Rfd1 Nd5 17.Nxd7 Bxd7 18.Be4 Bc6 19.Nxd5 exd5 20.Bxd5 Bxd5 21.Rxd5 Qb6
22.Rd7 Rac8 23.Qb3 Qe6 24.Qxe6 Rxe6 25.Kf1 Be7 26.Ke2 h5 27.Rb7 Kf8 28.Rdd7 Ke8
29.Rdc7 Rxc7 30.Bxc7 Bf6 31.b3 Rc6 32.a4 Rc2+ 33.Kf3 bxa4 34.bxa4 g5 35.h3 g4+
36.hxg4 hxg4+ 37.Kxg4 Rxf2 38.g3 Rc2 39.Bf4 Rc6 40.Kf5 Be7 41.Ra7 Rc5+ 42.Ke4 Ra5
43.g4 Rxa4+ 44.Kd5 Ra2 45.Kc6 Rc2+ 46.Kb7 Rg2 47.Ra8+ Kd7  1/2-1/2

[Event "Russian Winter op"]
[Site "Moscow"]
[Date "1991.??.??"]
[Round "?"]
[White "Tabatadze, Tamaz"]
[Black "Kuzmina, C C."]
[Result "1-0"]
[WhiteElo "2330"]
[BlackElo "2120"]

1.d4 Nf6 2.c4 e6 3.Nc3 d5 4.Nf3 Be7 5.Bf4 O-O 6.e3 c5 7.dxc5 Bxc5 8.Qc2 Qa5
9.O-O-O Nc6 10.a3 a6 11.Nd2 Be7 12.Nb3 Qb6 13.c5 Qd8 14.e4 d4 15.e5 Nh5 16.Bg3 Qc7
17.Na4 Nxe5 18.Rxd4 Nxg3 19.hxg3 h6 20.Be2 Bd7 21.Nb6 Rad8 22.f4 Nc6 23.Rd2 Bc8
24.Rhd1 Rxd2 25.Rxd2 Rd8 26.Rxd8+ Nxd8 27.Bf3 Bd7 28.Nxd7 Qxd7 29.Qd2 Qb5
30.Kc2 b6 31.a4 Qc4+ 32.Qc3 Qxc3+ 33.Kxc3 bxc5 34.Kc4 Bf6 35.Nxc5 a5  1-0

[Event "Moscow4"]
[Site "Moscow"]
[Date "1991.??.??"]
[Round "?"]
[White "Dreev, Alexey"]
[Black "Vaganian, Rafael A"]
[Result "0-1"]
[WhiteElo "2625"]
[BlackElo "2585"]

1.d4 Nf6 2.c4 e6 3.Nf3 d5 4.Nc3 Be7 5.Bf4 O-O 6.e3 c5 7.dxc5 Bxc5 8.Qc2 Nc6
9.a3 Qa5 10.Nd2 Bb4 11.cxd5 exd5 12.Bd3 d4 13.O-O Bxc3 14.Nc4 Qh5 15.bxc3 dxe3
16.Nxe3 Bd7 17.Rfd1 Ne7 18.c4 Rfe8 19.Be2 Qa5 20.Qb2 Ng6 21.Bd6 Bc6 22.c5 Ne4
23.Rac1 Nxd6 24.Rxd6 Qc7 25.Nf5 Re5 26.Nxg7 Rxe2 27.Qxe2 Kxg7 28.h4 Re8 29.Qb2+ Kg8
30.h5 Nf8 31.Rc3 Re1+ 32.Kh2 Ne6 33.Rg3+ Kf8 34.Qf6 b6 35.f4 bxc5 36.Rd2 Nxf4
37.Rd8+ Re8 38.Qh8+ Ke7 39.Rxe8+ Bxe8 40.Qxh7 Qe5 41.Qh6 Nxh5 42.Qe3 f6  0-1

[Event "Scandic Cup"]
[Site "Odense"]
[Date "1991.??.??"]
[Round "2"]
[White "Pekarek, Ales"]
[Black "Pedersen, Steffen"]
[Result "1/2-1/2"]
[WhiteElo "2475"]
[BlackElo "2200"]

1.Nf3 Nf6 2.c4 e6 3.Nc3 d5 4.d4 Be7 5.Bf4 O-O 6.e3 c5 7.dxc5 Bxc5 8.a3 Nc6
9.Be2 dxc4 10.Bxc4 a6 11.Qc2 b5 12.Be2 Bb7 13.O-O Be7 14.Rad1 Qa5 15.Ne4 Rac8
16.Nfg5 Nxe4 17.Qxe4 g6 18.Rd7 Ba8 19.Nxe6 fxe6 20.Bg4 Bf6 21.Qxe6+ Kh8 22.Rf7 Bg7
23.Bh6 Rxf7 24.Qxf7 Bxh6 25.Bxc8 Qd8 26.Bd7 Ne5 27.Qe8+ Qxe8 28.Bxe8 Be4
29.Rc1 Nc4 30.a4 Nxb2 31.axb5 axb5 32.Bxb5 Bg5 33.Rc7 Bf6 34.f3  1/2-1/2

[Event "Oslo Elitecup"]
[Site "Oslo"]
[Date "1991.??.??"]
[Round "4"]
[White "Ostenstad, Berge"]
[Black "Ogaard, Leif"]
[Result "1-0"]
[WhiteElo "2475"]
[BlackElo "2415"]

1.Nf3 d5 2.c4 e6 3.d4 Nf6 4.Nc3 Be7 5.Bf4 O-O 6.e3 c5 7.dxc5 Bxc5 8.Qc2 Nc6
9.Rd1 Qa5 10.a3 Be7 11.Nd2 e5 12.Bg5 d4 13.Nb3 Qb6 14.c5 Qd8 15.Bd3 g6 16.exd4 exd4
17.Ne2 Be6 18.O-O Qd5 19.Bxf6 Bxf6 20.Nd2 Bg4 21.f3 Bc8 22.Ne4 Bg7 23.Bc4 Qe5
24.b4 Bf5 25.N2g3 Ne7 26.Qb3 Bxe4 27.fxe4 Bf6 28.Rf3 Kg7 29.Rdf1 Ng8 30.Bd5 Rab8
31.Ne2 Qe7 32.Qc4 Qe5 33.Nf4 Rbd8 34.Nd3 Qh5 35.Bxb7 Bg5 36.Rxf7+ Rxf7 37.Qxf7+ Kh8
38.Bd5 Nh6 39.Qf3 Be3+ 40.Kh1 Ng4 41.h3  1-0

[Event "Panama op"]
[Site "Panama"]
[Date "1991.??.??"]
[Round "?"]
[White "Moran, Bernardo"]
[Black "Cortes Moyano, Julio"]
[Result "1-0"]
[WhiteElo "2335"]
[BlackElo "2260"]

1.d4 d5 2.Nf3 Nf6 3.c4 e6 4.Nc3 Be7 5.Bf4 c6 6.e3 Nbd7 7.cxd5 exd5 8.Bd3 O-O
9.Qc2 Re8 10.g4 Nf8 11.h3 Be6 12.Ne5 g6 13.O-O-O N6d7 14.Bh6 Bf6 15.f4 Bg7
16.Bxg7 Kxg7 17.Qf2 f6 18.Nf3 Nb6 19.f5 Bf7 20.h4 Qe7 21.Rde1 h6 22.g5 h5
23.Rhg1 Kh8 24.Qg3 gxf5 25.Qf4 Ng6 26.Qxf5 Qe6 27.gxf6 Qxf5 28.Bxf5 Rg8 29.Ng5 Raf8
30.Nxf7+ Rxf7 31.Rxg6 Rxg6 32.Bxg6 Rxf6 33.Bxh5 Rh6 34.Bf3 Rxh4 35.Rh1 Rxh1+
36.Bxh1  1-0

[Event "Paris Immopar rapid"]
[Site "Paris"]
[Date "1991.??.??"]
[Round "1"]
[White "Gurevich, Mikhail"]
[Black "Short, Nigel D"]
[Result "1/2-1/2"]
[WhiteElo "2630"]
[BlackElo "2660"]

1.d4 Nf6 2.c4 e6 3.Nc3 d5 4.Nf3 Be7 5.Bf4 O-O 6.e3 c5 7.dxc5 Bxc5 8.Be2 dxc4
9.Bxc4 Nc6 10.Qe2 Qe7 11.O-O h6 12.Bg3 Bb4 13.Rfd1 e5 14.Nd5 Nxd5 15.Bxd5 Bg4
16.Qc4 Bh5 17.a3 Bd6 18.Bxc6 Rac8 19.Qd5 Rxc6 20.Rac1 Rxc1 21.Rxc1 Bxf3 22.gxf3 Rd8
23.Qe4 Re8 24.Bh4 Qd7 25.Rd1 Re6 26.Bg3 Qc6 27.Kg2 g6 28.Bh4 f5 29.Qxc6 bxc6
30.Bd8 Kf7 31.Ba5 Ke8 32.Bc3 Be7 33.Kf1 Rd6 34.Rc1 Re6 35.Ke2 Kd7 36.Kd3 e4+
37.Ke2 exf3+ 38.Kxf3 Re4 39.h3 h5 40.Bd4 a6 41.Rg1 g5 42.Rd1 Ke6 43.Rc1 Kd5
44.Rd1 g4+ 45.hxg4 fxg4+ 46.Kg2 Ke6 47.Rc1 Kd5 48.Rd1 Ke6  1/2-1/2

[Event "Reggio Emilia91 Top15"]
[Site "Reggio Emilia"]
[Date "1991.??.??"]
[Round "?"]
[White "Beliavsky, Alexander G"]
[Black "Vaganian, Rafael A"]
[Result "1/2-1/2"]
[WhiteElo "2640"]
[BlackElo "2585"]

1.d4 Nf6 2.c4 e6 3.Nc3 Be7 4.Bf4 d5 5.Nf3 O-O 6.e3 c6 7.Bd3 Nbd7 8.O-O Nh5
9.Be5 Nxe5 10.dxe5 g6 11.Qc2 Bd7 12.Rfd1 Rc8 13.Rac1 b5 14.cxb5 cxb5 15.a3 a5
16.Qb3 a4 17.Qa2 Qa5 18.Nd4 b4 19.axb4 Bxb4 20.Bb5 Bxb5 21.Ncxb5 Ng7 22.g4 h5
23.h3 Rxc1 24.Rxc1 Rb8 25.Nc3 Rc8 26.Nce2 Rxc1+ 27.Nxc1 hxg4 28.hxg4 Bc5
29.Nce2 Qe1+ 30.Kg2 Qd1 31.Kg3 g5 32.b3 Bxd4 33.Nxd4 Qg1+ 34.Kf3 axb3 35.Qxb3 Qh1+
36.Ke2 Qg2 37.Qb8+ Kh7 38.Qd8 Qxg4+ 39.Nf3 Qc4+ 40.Ke1 Qc1+ 41.Ke2 Qc2+ 42.Ke1 Qf5
43.Nxg5+ Kg6  1/2-1/2